[Event "Mlada Boleslav Region-ch U14"]
[Site "Mlada Boleslav"]
[Date "2017.06.25"]
[Round "6"]
[White "Handl, Petr"]
[Black "Jelinek, Oliver"]
[Result "1-0"]
[WhiteElo "1326"]
[BlackElo "1226"]
[PlyCount "94"]
[EventDate "2017.06.24"]
[EventType "swiss"]
[EventRounds "7"]
[EventCountry "CZE"]
[SourceTitle "CBM 179 Extra"]
[Source "ChessBase"]
[SourceDate "2017.08.23"]
[SourceVersion "1"]
[SourceVersionDate "2017.08.23"]
[SourceQuality "1"]

1. e4 e5 2. Nf3 Nc6 3. Bc4 Nf6 4. Ng5 d5 5. exd5 Na5 6. Bb5+ c6 7. dxc6 bxc6 8. Ba4 h6 9. Nf3 Bg4 10. h3 Bh5 11. Qe2 e4 12. g4 Qe7 13. Nd4 Qc5 14. c3 Bg6 15. b4 Qc4 16. Qxc4 Nxc4 17. Bxc6+ Kd8 18. Bxa8 Ne5 19. Nc6+ Nxc6 20. Bxc6 Bd6 21. Na3 Kc7 22. Ba4 Nd5 23. Nb5+ Kd7 24. Nxa7+ Ke6 25. Bb3 Ke5 26. Nc6+ Ke6 27. Nd4+ Ke5 28. Bxd5 Kxd5 29. Nb5 Bf4 30. a4 Kc4 31. Nd4 Be5 32. Bb2 Bxd4 33. cxd4 Kxb4 34. Bc3+ Kc4 35. a5 f5 36. a6 fxg4 37. hxg4 Bf7 38. a7 Bd5 39. Rh5 Bb7 40. Rc5+ Kd3 41. Ra3 e3 42. Bb2+ Ke4 43. Re5+ Kf3 44. Raxe3+ Kxg4 45. Rg3+ Kf4 46. Bc1 Rc8 47. Bb2 Rc2 1-0